|
|
|
|
| LEADER |
00000nam0a2200000 4500 |
| 001 |
51755 |
| 005 |
20231031040713.0 |
| 035 |
|
|
|a (RuTPU)RU\TPU\book\54182
|
| 090 |
|
|
|a 51755
|
| 100 |
|
|
|a 20030507d1977 m y0rusy50 ca
|
| 101 |
0 |
|
|a rus
|
| 102 |
|
|
|a RU
|
| 105 |
|
|
|a a j 001zy
|
| 200 |
1 |
|
|a Расчет электрических машин постоянного тока
|e учебное пособие
|f А. Г. Морозов
|
| 205 |
|
|
|a 2-е изд., перераб. и доп.
|
| 210 |
|
|
|a Москва
|c Высшая школа
|d 1977
|
| 215 |
|
|
|a 264 с.
|c ил.
|
| 320 |
|
|
|a Библиогр.: с. 264
|
| 610 |
1 |
|
|a электрические машины
|
| 610 |
1 |
|
|a расчеты
|
| 610 |
1 |
|
|a постоянный ток
|
| 610 |
1 |
|
|a магнитные цепи
|
| 610 |
1 |
|
|a обмотки
|
| 610 |
1 |
|
|a вентиляция
|
| 610 |
1 |
|
|a тепловой расчет
|
| 610 |
1 |
|
|a конструирование
|
| 610 |
1 |
|
|a учебные пособия
|
| 675 |
|
|
|a 621.313.2(075.8)
|v 3
|
| 700 |
|
1 |
|a Морозов
|b А. Г.
|g Алексей Георгиевич
|
| 801 |
|
1 |
|a RU
|b 63413507
|c 20030507
|g PSBO
|
| 801 |
|
2 |
|a RU
|b 63413507
|c 20201016
|g PSBO
|
| 942 |
|
|
|c BK
|